00725 2200205 4500001002100000005001500021035002000036008004100056245006000097100001400157250000600171260003800177300001200215084001400227082000800241650001000249520023600259990001200495990001200507INLIS00000000000132620240520104557 a0010-0524000561240520 1 ind 1 aSchoolaholic Princess 2; Romansa Singapura /cYunisa KD aYunisa KD a1 aYogyakarta :bSheila/ Andi,c2008 a202 hlm a813 YUN s a813 4aFiksi aNana adalah lulusan terbaik SMP Bintang Emas. Cantik, cerdas, kompak, dan fun, Nana disukai banyak orang. Cewek sakti berhasil enepis semua anggapan kuno tentang seorang juara umum pastilah kutu buku berkacamata tebal yang bulukan. a0741494 a0741495